| 000 | 01002nac a22003011u 4500 | ||
|---|---|---|---|
| 003 | EG-ScBUE | ||
| 005 | 20220328114830.0 | ||
| 008 | 120829s2005 ua f 0001ff ara d | ||
| 017 | _a2004 / 20222 | ||
| 020 | _a9770911682 | ||
| 040 |
_aEG-ScBUE _bara _erda _cEG-ScBUE _dEG-ScBUE |
||
| 082 | 0 | 4 |
_a892.736 _bأ ص ل _222 |
| 100 | 1 |
_aأصلان، إبراهيم، _d1935-2012، _eمؤلف. _928155 |
|
| 245 | 1 | 0 |
_aوردية ليل / _cإبراهيم أصلان. |
| 246 | 3 | 4 |
_aوردية ليل : _bرواية |
| 250 | _aالطبعة الأولى. | ||
| 264 | 1 |
_aالقاهرة : _bدار الشروق، _c2005. |
|
| 300 |
_a78 صفحة ؛ _c20 سم |
||
| 336 |
_2rdacontent _atext _btxt |
||
| 337 |
_2rdamedia _aunmediated _bn |
||
| 338 |
_2rdacarrier _avolume _bnc |
||
| 500 | _aيشتمل على كشاف. | ||
| 650 | 7 |
_aالقصص العربية _yقرن 20. _2BUEsh _98441 |
|
| 651 | _2BUEsh | ||
| 653 |
_bARALIT _cMarch2022 |
||
| 655 |
_vReading book _934232 |
||
| 942 |
_cBB _k892.736 أ ص ل _2ddc |
||
| 999 |
_c5501 _d5501 |
||